Music Quiz

Random Music or Album Quiz

Britney Spears Songs by Any Word Quiz Stats

 Plays Quiz Updated May 29, 2019

Score 0/105 Timer 10:00
5 Plays Today
Hint Answer % Correct
Oops!... I Did It AgainOops!... I Did It Again
97.4%
BlackoutGet Naked (I Got a Plan)
97%
BritneyI Love Rock 'n' Roll
96.9%
...Baby One More TimeI Will Still Love You
96.8%
Oops!... I Did It AgainDon't Let Me Be the Last to Know
96.5%
Oops!... I Did It Again(I Can't Get No) Satisfaction
96%
...Baby One More TimeI Will Be There
95.9%
BlackoutWhy Should I Be Sad
95.9%
Femme FataleI Wanna Go
95.7%
Femme FataleHow I Roll
95.6%
In the Zone(I Got That) Boom Boom
95.6%
BritneyWhat It's Like to Be Me
95.2%
...Baby One More TimeBorn to Make You Happy
94.6%
BritneyI'm Not a Girl, Not Yet a Woman
93.7%
Oops!... I Did It AgainCan't Make You Love Me
93.4%
BritneyI'm a Slave 4 U
93.1%
...Baby One More Time(You Drive Me) Crazy
92.8%
Femme FataleSeal It with a Kiss
92.3%
In the ZoneMe Against the Music
92.2%
BritneyThat's Where You Take Me
91.8%
In the ZoneBreathe on Me
90.7%
GloryLove Me Down
90.7%
...Baby One More TimeFrom the Bottom of My Broken Heart
90.5%
GloryDo You Wanna Come Over?
89.7%
Femme FataleHold It Against Me
89.7%
Oops!... I Did It AgainOne Kiss from You
89.6%
Femme FataleTrip to Your Heart
89.6%
GloryMan on the Moon
88.7%
...Baby One More TimeThe Beat Goes On
88.4%
Oops!... I Did It AgainDon't Go Knockin' on My Door
88.2%
BritneyLet Me Be
88.1%
BlackoutPiece of Me
88%
Oops!... I Did It AgainWhere Are You Now
87.7%
...Baby One More Time...Baby One More Time
87.7%
Femme FataleTrouble for Me
87.3%
Hint Answer % Correct
GloryWhat You Need
87.1%
CircusMy Baby
86.9%
Britney JeanChillin' With You
86.6%
GloryJust like Me
86.1%
CircusUnusual You
86%
...Baby One More TimeThinkin' About You
85.9%
GloryHard to Forget Ya
85.9%
GloryMake Me...
85.5%
GloryJust Luv Me
85.4%
Femme FataleTill the World Ends
83.8%
BlackoutBreak the Ice
83.8%
In the ZoneThe Hook Up
83.1%
CircusKill the Lights
82.6%
Oops!... I Did It AgainWhat U See (Is What U Get)
80.6%
Britney JeanIt Should Be Easy
78.7%
Oops!... I Did It AgainWhen Your Eyes Say It
78.6%
CircusIf U Seek Amy
78.2%
BritneyBombastic Love
76.9%
In the ZoneTouch of My Hand
75.3%
BlackoutHeaven on Earth
74.6%
BlackoutOoh Ooh Baby
72.8%
...Baby One More TimeE-Mail My Heart
71.8%
In the ZoneToxic
62.3%
CircusCircus
56.1%
CircusLace and Leather
55%
CircusOut from Under
52.5%
In the ZoneBrave New Girl
46.3%
BlackoutGimme More
46.2%
Britney JeanTil It's Gone
40.4%
Britney JeanDon't Cry
38.7%
BlackoutHot as Ice
36.1%
Femme FataleInside Out
34.9%
CircusWomanizer
34%
Oops!... I Did It AgainLucky
33.2%
Britney JeanWork B**ch
29.5%
Hint Answer % Correct
...Baby One More TimeSometimes
26%
Oops!... I Did It AgainStronger
22.1%
In the ZoneEverytime
21.8%
BritneyBoys
21.2%
Femme FataleBig Fat Bass
16.7%
BritneyOverprotected
14.1%
GlorySlumber Party
14.1%
BlackoutRadar
14%
Britney JeanTik Tik Boom
13.6%
...Baby One More TimeSoda Pop
13%
Femme FataleCriminal
12.9%
BlackoutPerfect Lover
12.2%
Britney JeanPerfume
11.6%
GloryPrivate Show
10.8%
Oops!... I Did It AgainDear Diary
10.6%
Britney JeanBody Ache
10.2%
Britney JeanAlien
9.5%
BritneyLonely
9%
Femme Fatale(Drop Dead) Beautiful
9%
In the ZoneOutrageous
8.8%
BritneyCinderella
8.7%
BlackoutToy Soldier
8.6%
BritneyAnticipating
8.2%
In the ZoneEarly Mornin'
7.7%
CircusShattered Glass
7.4%
BlackoutFreakshow
7.1%
In the ZoneShadow
6.9%
CircusMmm Papi
6.8%
In the ZoneShowdown
6.6%
CircusMannequin
6.2%
Femme FataleGasoline
6.1%
GloryInvitation
6%
CircusBlur
5.9%
Britney JeanPassenger
5.7%
GloryClumsy
5.7%

You're not logged in!

Compare scores with friends on all Sporcle quizzes.
OR
Log In

Sporcle TV

Today on Sporcle TV


Watch our educational content, quiz creation guides, and fun videos on Sporcle TV.

Show Comments

Extras

Top Quizzes Today


Score Distribution

Your Account Isn't Verified!

In order to create a playlist on Sporcle, you need to verify the email address you used during registration. Go to your Sporcle Settings to finish the process.

Report this User

Report this user for behavior that violates our Community Guidelines.

Details: